Pays ayant la plus grande force aérienne - Statistiques

Statistiques générales
  • Ce quiz a été pris 124 fois
  • Le résultat moyen est 23 sur 30
Statistiques - réponses
Rang Pays N’ombres d‘appareils aériens % Correct
9 France 1 119
100%
2 Chine 5 375
99%
1 Etats-Unis 13 591
99%
3 Russie 3 463
99%
4 Inde 2 428
95%
18 Allemagne 698
94%
16 Brésil 764
94%
23 Espagne 562
94%
5 Japon 1 454
94%
13 Italie 921
90%
17 Royaume-Uni 705
90%
6 Corée du sud 1 274
89%
25 Mexique 545
86%
30 Australie 406
85%
7 Corée du nord 1 271
79%
10 Égypte 1 052
79%
14 Iran 919
77%
12 Pakistan 1 003
76%
26 Indonésie 512
75%
28 Pologne 423
74%
8 Turquie 1 162
74%
11 Arabie saoudite 1 028
72%
24 Algérie 561
66%
20 Grèce 658
62%
21 Colombie 626
60%
22 Israel 620
54%
19 Thailande 693
49%
15 Taiwan 808
45%
27 Emirats arabes unis 485
44%
29 Venezuela 409
41%
Aucun quiz correspondant
Distribution des résultats
% des personnes avec chaque résultat
Percentile par nombre de réponses
Votre historique - résultats
Vous n’avez pas pris ce quiz